Personnages en images - Edward aux Mains d'Argent - Statistiques

Statistiques générales
  • Ce quiz a été pris 19 fois
    13 depuis la dernière actualisation
  • Le résultat moyen est 6 sur 17
Statistiques - réponses
Par images Hint Réponse % Correct
Johnny Depp Edward
100%
Winona Ryder Kim
58%
Anthony Michael Hall Jim
50%
Kathy Baker Joyce
50%
Robert Oliveri Kevin
50%
Dianne Wiest Peg
50%
Alan Arkin Bill
33%
Vincent Price L'Inventeur
33%
O-Lan Jones Esmeralda
25%
Conchata Ferrell Helen
25%
Caroline Aaron Marge
25%
Linda Perri Cissy
17%
John McMahon Denny
17%
Biff Yeager George
17%
Dick Anthony Williams Officier Allen
17%
Susan Blommaert Tinka
17%
Bryan Larkin Max
8%
Aucun quiz correspondant
Distribution des résultats
% des personnes avec chaque résultat
Percentile par nombre de réponses
Votre historique - résultats
Vous n’avez pas pris ce quiz depuis la dernière actualisation